| 000 | 00837nam a2200205 a 4500 | ||
|---|---|---|---|
| 001 | BRCA_77 | ||
| 005 | 20190320202854.0 | ||
| 008 | 990609s1998 mx-#---###---#100-0#spa-# | ||
| 041 | _aspa | ||
| 044 | _amx | ||
| 050 | 4 |
_aAM2 _b.W67 1996 |
|
| 111 | 2 |
_aWorld Congress of Friends Of Museum _n9th _d1996 _cOaxaca de Juárez, México _9323 |
|
| 245 | 1 | 0 |
_aMuseos por venir : IX Congreso Mundial de Amigos de los Museos : [ponencias] = Museums to come _bIX World Congress of Friends of Museums : [proceedings]. |
| 260 |
_aMéxico _bFederación Mundial de Amigos de los Museos : Federación Mexicana de Asociación de Amigos de los Museos _c1998 |
||
| 300 |
_a429 p. _c23 cm. |
||
| 500 | _aTexto en: español, ingles y frances | ||
| 650 | 1 | 4 |
_aWorld Congress of Friend of Museums _vCongresos _9324 |
| 650 | 1 | 4 |
_aMuseos _vCongresos _9325 |
| 942 |
_2lcc _cB |
||
| 999 |
_c72 _d72 |
||